Southville International School and Colleges
Your cart is empty.
  • Cart
  • Lists
    Public lists Eva Luna New books Lux_list list_1
    Your lists Log in to create your own lists
  • Log in to your account
  • Your cookies
  • Search history
Southville International School and Colleges
  • Advanced search
  • Recent comments
  • Most popular
  • Libraries

Log in to your account

Log in with GOOGLE


If you do not have an external account, but do have a local account, you can still log in:

  1. Home
  2. MARC view: Cases in emotional and behavioral disorders of children and youth /
Normal view MARC view ISBD view

Cases in emotional and behavioral disorders of children and youth / (Record no. 23686)

[ view plain ]
MARC details
000 -LEADER
fixed length control field 00722nam a2200229 a 4500
005 - DATE AND TIME OF LATEST TRANSACTION
control field 20140310183457.0
008 - FIXED-LENGTH DATA ELEMENTS--GENERAL INFORMATION
fixed length control field 091109s19uu xx 00 eng d
020 ## - INTERNATIONAL STANDARD BOOK NUMBER
International Standard Book Number 9780135002636
050 ## - LIBRARY OF CONGRESS CALL NUMBER
Classification number RJ 506.B44
Item number .K378 2009
100 ## - MAIN ENTRY--PERSONAL NAME
Personal name Kauffman, James M.
245 ## - TITLE STATEMENT
Title Cases in emotional and behavioral disorders of children and youth /
Statement of responsibility, etc James M. Kauffman, Timothy J. Landrum.
250 ## - EDITION STATEMENT
Edition statement 2nd. ed.
260 ## - PUBLICATION, DISTRIBUTION, ETC. (IMPRINT)
Place of publication, distribution, etc New Jersey :
Name of publisher, distributor, etc Pearson,
Date of publication, distribution, etc 2009.
300 ## - PHYSICAL DESCRIPTION
Extent 86 p. :
Dimensions 24 cm.
521 ## - TARGET AUDIENCE NOTE
Target audience note
650 ## - SUBJECT ADDED ENTRY--TOPICAL TERM
Topical term or geographic name as entry element Behavior disorders in children
General subdivision case studies.
650 ## - SUBJECT ADDED ENTRY--TOPICAL TERM
Topical term or geographic name as entry element Adolescent.
650 ## - SUBJECT ADDED ENTRY--TOPICAL TERM
Topical term or geographic name as entry element Child Behavior disorders
General subdivision case report.
700 ## - ADDED ENTRY--PERSONAL NAME
Personal name Landrum, Timothy J.
942 ## - ADDED ENTRY ELEMENTS (KOHA)
Koha item type Books
Source of classification or shelving scheme Library of Congress Classification
Call number prefix Foreign
Holdings
Withdrawn status Lost status Source of classification or shelving scheme Damaged status Home library Current library Shelving location Date acquired Source of acquisition Total Checkouts Full call number Barcode Date last seen Copy number Price effective from Koha item type
    Library of Congress Classification   College Library College Library General Circulation Section 10/02/2010 Donation   RJ 506.B44 .K378 2009 C10759 05/15/2018 1 03/10/2014 Books

Cases in emotional and behavioral disorders of children and youth /

APA

Kauffman J. M., Landrum T. J., . (2009). Cases in emotional and behavioral disorders of children and youth. New Jersey: Pearson.

Chicago

Kauffman James M, Landrum Timothy J, . 2009. Cases in emotional and behavioral disorders of children and youth. New Jersey: Pearson.

Harvard

Kauffman J. M., Landrum T. J., . (2009). Cases in emotional and behavioral disorders of children and youth. New Jersey: Pearson.

MLA

Kauffman James M, Landrum Timothy J, . Cases in emotional and behavioral disorders of children and youth. New Jersey: Pearson. 2009.

  • Place hold
  • Print
  • Cite
  • Add to your cart (remove)
  • Save record
    BIBTEX Dublin Core MARCXML MARC (non-Unicode/MARC-8) MARC (Unicode/UTF-8) MARC (Unicode/UTF-8, Standard) MODS (XML) RIS
  • More searches
    Search for this title in:
    Other Libraries (WorldCat) Other Databases (Google Scholar) Online Stores (Bookfinder.com) Open Library (openlibrary.org)

Exporting to Dublin Core...

SOUTHVILLE LIBRARY

Southville International School and Colleges Library

1281 Tropical Ave. Cor. Luxembourg St., BF Homes International, Las Pinas City

Tel. No. 8256374 / 252358 Loc. 117/146

Powered by Koha